[Event "Barcelona Tres Peons-G 46th"]
[Site "Barcelona"]
[Date "2017.06.02"]
[Round "7.5"]
[White "Alves Garcia, Eric"]
[Black "Ortin Caballe, Juan Jose"]
[Result "1-0"]
[WhiteElo "1961"]
[BlackElo "2036"]
[PlyCount "91"]
[EventDate "2017.04.21"]
[EventType "swiss"]
[EventRounds "9"]
[EventCountry "ESP"]
[SourceTitle "EXT 2024"]
[Source "ChessBase"]
[SourceDate "2023.10.10"]
[SourceVersion "1"]
[SourceVersionDate "2023.10.10"]
[SourceQuality "1"]

1. d4 Nf6 2. c4 e6 3. Nf3 Bb4+ 4. Nc3 b6 5. Qc2 Bb7 6. a3 Bxc3+ 7. Qxc3 d6 8. Bg5 h6 9. Bh4 g5 10. Bg3 Ne4 11. Qc2 h5 12. h3 Nd7 13. Nd2 Nxg3 14. fxg3 Qf6 15. Qd3 e5 16. d5 0-0-0 17. e4 g4 18. h4 Qg7 19. Be2 f5 20. exf5 e4 21. Nxe4 Qxb2 22. Qc3 Qxc3+ 23. Nxc3 Rde8 24. Kd2 Rhf8 25. Rhf1 Re5 26. Bd3 Nf6 27. Rae1 Rfe8 28. Nb5 a6 29. Nd4 Kd7 30. Bc2 b5 31. Ne6 Rxe1 32. Rxe1 c6 33. dxc6+ Bxc6 34. cxb5 Bxb5 35. Rb1 Bc6 36. Rb6 Ra8 37. Nf4 Kc7 38. Rb3 Kd7 39. Re3 Bb5 40. Re6 Rf8 41. Re3 Bc6 42. Bd3 Nd5 43. Nxd5 Bxd5 44. Re2 a5 45. Ke3 Ke7 46. Kd4+ 1-0

[Event "Barcelona Tres Peons-G 46th"]
[Site "Barcelona"]
[Date "2017.05.26"]
[Round "6.2"]
[White "Ortin Caballe, Juan Jose"]
[Black "Perez Garcia, Adria"]
[Result "0-1"]
[WhiteElo "2036"]
[BlackElo "2167"]
[PlyCount "49"]
[EventDate "2017.04.21"]
[EventType "swiss"]
[EventRounds "9"]
[EventCountry "ESP"]
[SourceTitle "EXT 2024"]
[Source "ChessBase"]
[SourceDate "2023.10.10"]
[SourceVersion "1"]
[SourceVersionDate "2023.10.10"]
[SourceQuality "1"]

1. e4 c6 2. Nc3 d5 3. Nf3 Bg4 4. d4 Nf6 5. h3 Bxf3 6. gxf3 e6 7. Qd3 Bb4 8. Bd2 Nbd7 9. Rg1 g6 10. a3 Bxc3 11. Bxc3 Qc7 12. 0-0-0 b5 13. Qe3 a5 14. Bd3 Qb6 15. b4 axb4 16. Bxb4 Qd8 17. e5 Nh5 18. Rg4 Nb6 19. Qh6 Kd7 20. f4 Nc4 21. Bxc4 bxc4 22. Rg5 Nxf4 23. Rg4 Nh5 24. f4 Qg8 25. Qg5 0-1

[Event "Barcelona Vila Gracia Seniors 55 op 4th"]
[Site "Barcelona"]
[Date "2017.04.03"]
[Round "5.1"]
[White "Ortin Caballe, Juan Jose"]
[Black "Vallbona Domingo, Joan"]
[Result "1/2-1/2"]
[WhiteElo "2080"]
[BlackElo "1891"]
[PlyCount "78"]
[EventDate "2017.03.06"]
[EventType "swiss"]
[EventRounds "9"]
[EventCountry "ESP"]
[SourceTitle "EXT 2024"]
[Source "ChessBase"]
[SourceDate "2023.10.10"]
[SourceVersion "1"]
[SourceVersionDate "2023.10.10"]
[SourceQuality "1"]

1. e4 c5 2. Nf3 e6 3. d4 cxd4 4. Nxd4 a6 5. Nc3 Qc7 6. g3 Bb4 7. Nde2 Nf6 8. Bg2 Nc6 9. 0-0 Be7 10. h3 d6 11. Be3 b5 12. a3 Bb7 13. f4 g6 14. g4 0-0-0 15. b4 d5 16. exd5 Nxd5 17. Nxd5 exd5 18. Nd4 Bf6 19. c3 Rhe8 20. Qd2 Qd7 21. Nxc6 Qxc6 22. Bd4 Rd7 23. g5 Bd8 24. Rfe1 Rde7 25. Rxe7 Rxe7 26. Re1 Re6 27. Bf3 Kb8 28. Rxe6 Qxe6 29. Bg4 Qe8 30. Qe2 Qxe2 31. Bxe2 Bc8 32. Kg2 Kc7 33. Be5+ Kc6 34. Kg3 Bb6 35. Bd4 Bc7 36. Bd3 Kd7 37. Kf3 Kc6 38. h4 Bd6 39. h5 Be7 1/2-1/2

[Event "Sabadell op 6th"]
[Site "Sabadell"]
[Date "2013.09.10"]
[Round "9"]
[White "Ortin Caballe, Juan Jose"]
[Black "Uran Bermudez, Oliver Kevin"]
[Result "0-1"]
[WhiteElo "1955"]
[BlackElo "2092"]
[PlyCount "80"]
[EventDate "2013.09.02"]
[EventType "swiss"]
[EventRounds "9"]
[EventCountry "ESP"]
[SourceTitle "CBM 156 Extra"]
[Source "ChessBase"]
[SourceDate "2013.10.22"]
[SourceVersion "1"]
[SourceVersionDate "2013.10.22"]
[SourceQuality "1"]

1. e4 c5 2. Nf3 e6 3. d3 Nc6 4. g3 Qc7 5. Bg2 Nf6 6. Nc3 a6 7. Bf4 d6 8. 0-0 Be7 9. Re1 Nd7 10. Bg5 b5 11. Bxe7 Nxe7 12. Qd2 Bb7 13. Qg5 Ng6 14. h4 h6 15. Qd2 Bc6 16. a3 Nf6 17. d4 b4 18. axb4 cxb4 19. Nd5 Bxd5 20. exd5 Nxd5 21. Nh2 0-0 22. Bxd5 exd5 23. Re2 a5 24. Rae1 Rfc8 25. f4 Qd7 26. Qd3 Re8 27. f5 Nf8 28. f6 Rxe2 29. Qxe2 Qe6 30. fxg7 Kxg7 31. Qd2 Qg6 32. Qf4 a4 33. Ng4 Ne6 34. Qf3 Nxd4 35. Qd1 Ne6 36. Kh1 d4 37. Qf3 Ra5 38. Rf1 a3 39. h5 Rxh5+ 40. Kg2 axb2 0-1

[Event "Sabadell op 6th"]
[Site "Sabadell"]
[Date "2013.09.08"]
[Round "7"]
[White "Gonzalez Perez, Arian"]
[Black "Ortin Caballe, Juan Jose"]
[Result "1-0"]
[WhiteElo "2466"]
[BlackElo "1955"]
[PlyCount "60"]
[EventDate "2013.09.02"]
[EventType "swiss"]
[EventRounds "9"]
[EventCountry "ESP"]
[SourceTitle "CBM 156 Extra"]
[Source "ChessBase"]
[SourceDate "2013.10.22"]
[SourceVersion "1"]
[SourceVersionDate "2013.10.22"]
[SourceQuality "1"]

1. e4 c5 2. Nf3 d6 3. d4 cxd4 4. Nxd4 Nf6 5. Nc3 a6 6. Bg5 e6 7. f4 Be7 8. Qf3 Qc7 9. 0-0-0 Nbd7 10. g4 b5 11. Bxf6 Nxf6 12. g5 Nd7 13. f5 Bxg5+ 14. Kb1 Ne5 15. Qh5 Qe7 16. Nxe6 Bxe6 17. fxe6 g6 18. exf7+ Kxf7 19. Qe2 Kg7 20. Nd5 Qd8 21. Qe1 Rf8 22. h4 Bh6 23. h5 Ra7 24. hxg6 hxg6 25. Rxh6 Rxf1 26. Qxf1 Kxh6 27. Qh3+ Kg7 28. Rh1 Nf7 29. Qh7+ Kf8 30. Rf1 Ra8 1-0

[Event "Sabadell op 6th"]
[Site "Sabadell"]
[Date "2013.09.05"]
[Round "4"]
[White "Ortin Caballe, Juan Jose"]
[Black "Valdes Romero, Leonardo"]
[Result "0-1"]
[WhiteElo "1955"]
[BlackElo "2427"]
[PlyCount "72"]
[EventDate "2013.09.02"]
[EventType "swiss"]
[EventRounds "9"]
[EventCountry "ESP"]
[SourceTitle "CBM 156 Extra"]
[Source "ChessBase"]
[SourceDate "2013.10.22"]
[SourceVersion "1"]
[SourceVersionDate "2013.10.22"]
[SourceQuality "1"]

1. e4 d6 2. d4 Nf6 3. Nc3 g6 4. Nf3 Bg7 5. h3 0-0 6. Be3 c6 7. a4 Qc7 8. Be2 Nbd7 9. Nd2 e5 10. dxe5 Nxe5 11. f4 Ned7 12. 0-0 b6 13. Qe1 Bb7 14. Qh4 Rae8 15. Rae1 a6 16. Bd3 b5 17. axb5 axb5 18. f5 b4 19. Nd1 d5 20. Bg5 c5 21. exd5 Rxe1 22. Rxe1 Nxd5 23. Nc4 N7f6 24. Nde3 Nxe3 25. Nxe3 Qc6 26. Bc4 Re8 27. Re2 Ba6 28. Qe1 Bxc4 29. Nxc4 Rxe2 30. Qxe2 Ne4 31. Bf4 gxf5 32. Kh2 Qe6 33. b3 Bd4 34. Nd2 Be5 35. Bxe5 Qxe5+ 36. Kg1 Qd4+ 0-1